000 01561nam0a22003011 4500
001 rc\3629919
005 20250610040931.0
021 _aRU
_b[59-30538]
035 _a(NLR Aleph) 007680686
090 _a6534627
_c6534627
100 _a20130115f19001999|||y0rusy50 ca
101 0 _arus
102 _aRU
105 _ay z |||||
200 1 _aТруды Межреспубликанской конференции...
210 _aБ. м.
_cБ. и.
_d[19--]
215 _d26
225 1 _aМинистерство здравоохранения УзССР. Узбекский научно-исследовательский институт травматологии и ортопедии. [Труды]
_vТ. 8
300 _aНа обл. загл.: Профилактика травматизма в сельскохозяйственном производстве
512 0 _aПрофилактика травматизма в сельскохозяйственном производстве
606 _aТравматизм сельскохозяйственный
_jСборники
_2psbo
702 1 _aШакиров
_bА.Ш.
_gАдыл Шакирович
_4340
710 1 2 _aМежреспубликанская конференция по профилактике травматизма в колхозах, совхозах и МТС, производящих хлопок, рис, табак и чай (1958; Ташкент)
801 0 _aRU
_bNLR
_gpsbo
801 1 _aRU
_bELAR
_2rusmarc
852 _aNLR
_jП16/306
942 _cBOOK
980 _aNB